|
|
|
|
| LEADER |
00000nab a2200000 a 4500 |
| 001 |
vtls008945013 |
| 003 |
SK-MaSNL |
| 005 |
20260303070946.0 |
| 008 |
070212 2007 xo r r 000 0 slo |
| 038 |
|
|
|a KEVKJB
|
| 040 |
|
|
|a KEVKJB
|b slo
|c KEVKJB
|e AACR2
|
| 041 |
0 |
|
|a slo
|
| 044 |
|
|
|a xo
|c SK
|
| 080 |
|
|
|a 623.59
|2 2001
|
| 100 |
1 |
|
|a Linhardová, Alžbeta
|4 aut
|9 327418
|
| 245 |
1 |
0 |
|a Osemdesiatročný Američan si chodí pravidelne vystreliť zo desať rán
|b v strelnici Smart si pevnú ruku a dobrú mušku okrem mužov skúšajú i ženy, niektoré výkonom vyrážajú dych
|c Alžbeta Linhardová
|
| 300 |
|
|
|b Obr.
|
| 610 |
2 |
7 |
|a Smart (strelnica : Košice, Slovensko)
|2 kevkjb
|9 1069052
|
| 610 |
2 |
7 |
|a Hunter (Košice, Slovensko)
|2 kevkjb
|9 1069053
|
| 650 |
0 |
7 |
|a strelnice
|2 kevkjb
|9 29924
|
| 651 |
|
7 |
|a Košice (Slovensko)
|2 kevkjb
|9 18694
|
| 773 |
0 |
|
|t Košický večer
|g Roč. 18(39), č. 6 (9.2.2007), s. 7
|x 1336-5320
|
| 852 |
|
|
|a KEVKJB
|b KIS3GCP
|
| 856 |
4 |
1 |
|u www.korzar.sk
|
| 999 |
|
|
|c 1757716
|d 1759646
|